Statistics for Hardcore typing speed test

Click here to take the quiz!

General Stats

  • This quiz has been taken 32 times
    (25 since last reset)
  • The average score is 7 of 11

Answer Stats

Hint Answer % Correct
pronunciationpronunciation
100%
zucchinizucchini
93%
tonsillectomytonsillectomy
87%
zuzzuz
80%
zoopraxographyzoopraxography
80%
simultaneoussimultaneous
73%
perseveranceperseverance
67%
schizophreniaschizophrenia
53%
reminiscencereminiscence
47%
exchequerexchequer
47%
floccinaucinihilipilificationfloccinaucinihilipilification
13%

Score Distribution

Percentile by Number Answered

Percent of People with Each Score

Your Score History

You have not taken this quiz since the last reset